000 00453pab a2200157 454500
008 180718b2010 xxu||||| |||| 00| 0 eng d
100 _aArena, Richard
245 _aCorporate limited liability and the Cambridge economics in the inter-war period: Robertson, Keynes and Sraffa
260 _c2010
300 _ap.869-883.
362 _aSep
650 _aFinancial markets
773 _aCambridge Journal of Economics
908 _aN
909 _a89346
999 _c89346
_d89346